Managing people : 25 steps to improving employee performance
| Main Author: | |
|---|---|
| Format: | Book |
| Published: |
London :
Sidgwick and Jackson ,
1988
|
| Subjects: |
MARC
| LEADER | 00000cam a2200000 7i4500 | ||
|---|---|---|---|
| 001 | 0000009317 | ||
| 005 | 20220715.0 | ||
| 020 | |a 0283996196 | ||
| 040 | |a INS | ||
| 090 | 0 | 0 | |a HF5549 |b K46 1988 |
| 100 | 1 | |a Kent, Robert | |
| 245 | 1 | 0 | |a Managing people : |b 25 steps to improving employee performance |c by Robert kent |
| 260 | |a London : |b Sidgwick and Jackson , |c 1988 | ||
| 300 | |a 129p ; |c 28cm. | ||
| 650 | 0 | 0 | |a Communication in management |
| 650 | 0 | 0 | |a Management |
| 650 | 0 | 0 | |a Personnel management |
| 999 | |a 0000024264 |b BOOK |c Open Shelf |e Default branch | ||